Capitali europee con immagini - Statistics

Statistiche generali
  • Questo quiz è stato fatto 101 volte
  • Il punteggio medio è 14 su 20
Statistiche sulle risposte
con Immagini Risposta % Corretto
Amsterdam
93%
Berlino
90%
Lisbona
90%
Madrid
90%
Bruxelles
79%
Vienna
78%
Bucarest
73%
Praga
73%
Tallinn
70%
Zagabria
70%
Monaco
69%
Stoccolma
69%
San Marino
64%
Kiev
63%
Vilnius
62%
Reykjavik
55%
Vaduz
54%
Sarajevo
51%
Chisinau
45%
Podgorica
45%
Nessun quiz corrispondente trovato
Distribuzione punteggi
Percentuale di utenti per punteggio
Percentile per numero di risposta
I tuoi punteggi nel tempo
Non hai fatto questo quiz